000 00568nam a2200217 a 4500
999 _c2252
_d2252
005 20191217041710.0
008 140304b1980 ck ||||| |||| 00| 0 spa d
040 _aCO-BoIAVH
_cCO-BoIAVH
041 _aspa
044 _ack
090 _aIND-I
_b21
110 1 _bInderena
245 1 _aProyecto chiguiro, Arauca programación 1981
260 _aBogotá
_bInderena
_c1980
300 _a30 paginas
650 1 6 _aCacería
650 1 6 _aVedas y prohibiciones
650 1 6 _aChiguiro
662 _aColombia
_bArauca
942 _cINFORME
_2z